| 000 | 00995nam a22002897a 4500 | ||
|---|---|---|---|
| 003 | EG-ScBUE | ||
| 005 | 20211012124108.0 | ||
| 008 | 211012n19uu xx o f 000 0bara d | ||
| 017 | _a2001/14257 | ||
| 040 |
_aEG-ScBUE _bara _erda _cEG-ScBUE _dEG-ScBUE |
||
| 043 | _af-ua--- | ||
| 082 | 0 | 4 |
_a759.962 _bص ل ا _222 |
| 245 | 0 | 0 |
_aصلاح طاهر = _bSalah Taher. |
| 246 | 3 | 1 | _aSalah Taher |
| 264 | 1 |
_a[مكان النشر غير محدد] : _b[اسم الناشر غير محدد]، _c[19--؟] |
|
| 300 |
_a109 صفحة : _bصور ؛ _c30 سم |
||
| 336 |
_2rdacontent _aنص _btxt |
||
| 337 |
_2rdamedia _aبدون وسيط _bn |
||
| 338 |
_2rdacarrier _aمجلد _bnc |
||
| 541 | _cإهداء. | ||
| 546 | _aالنص باللغتين العربية والإنجليزية. | ||
| 600 | 1 | 7 |
_aطاهر، صلاح، _d1911-2007. _2BUEsh |
| 650 | 7 |
_aالرسامون المصريون _vتراجم. _2BUEsh |
|
| 653 |
_bART _cOctober2021 |
||
| 655 |
_vReading book _934232 |
||
| 942 | _2ddc | ||
| 999 |
_c29581 _d29552 |
||